Movies Quiz

Random Movies or Director Quiz

The Criterion Collection 1-100 Quiz Stats

 Plays Quiz Updated Apr 3, 2020

Support Sporcle.
Go Orange.
Score 0/100 Timer 15:00
0 Plays Today
Director Title % Correct
Akira KurosawaSeven Samurai
78.7%
Fritz Lang M
73.4%
Terry Gilliam Brazil
65.5%
Spike LeeDo the Right Thing
62.3%
Ingmar Bergman The Seventh Seal
58.8%
Jonathan DemmeThe Silence of the Lambs
56%
Laurence OlivierHamlet
55.2%
François Truffaut The 400 Blows
51.6%
Rob Reiner This Is Spinal Tap
50.8%
Kevin SmithChasing Amy
49.5%
Wes Anderson Rushmore
48%
Michael Bay Armageddon
46.9%
Alfred Hitchcock The 39 Steps
45.3%
Terry Gilliam Time Bandits
42.1%
Stanley KubrickSpartacus
41.4%
Terry Jones Monty Python’s Life of Brian
40.7%
Akira KurosawaYojimbo
40.4%
Paul Verhoeven RoboCop
39.9%
Carol Reed The Third Man
39.2%
Jean Renoir Grand Illusion
39%
John Woo Hard Boiled
38.5%
Jean Cocteau Beauty and the Beast
37.3%
Alfred Hitchcock The Lady Vanishes
36.8%
Federico Fellini Amarcord
36.4%
John Woo The Killer
35.8%
Martin ScorseseThe Last Temptation of Christ
35.7%
Michael PowellThe Red Shoes
33.8%
Pier Paolo PasoliniSalo, or the 120 Days of Sodom
33.2%
David Cronenberg Dead Ringers
30.9%
Nicolas RoegWalkabout
30.7%
Laurence Olivier Henry V
29.5%
Peter Weir Picnic at Hanging Rock
29.4%
David LeanGreat Expectations
29.2%
David Lean Brief Encounter
28.4%
Director Title % Correct
Michael PowellPeeping Tom
27.2%
Carl Th. DreyerThe Passion of Joan of Arc
27%
Akira Kurosawa Sanjuro
26.3%
Andrei Tarkovsky Andrei Rublev
25.4%
Henri-Georges Clouzot The Wages of Fear
25.2%
Henri-Georges Clouzot Diabolique
24.9%
Samuel Fuller Shock Corridor
24.1%
Michelangelo Antonioni L'avventura
24%
Akira Kurosawa High and Low
24%
David LeanOliver Twist
23.8%
Alex Cox Sid & Nancy
23.8%
Michael PowellBlack Narcissus
23.5%
Brian De Palma Sisters
23.1%
Ingmar Bergman Cries and Whispers
22.6%
Jean-Luc Godard Alphaville
21.9%
Stanley DonenCharade
20.9%
Abbas Kiarostami Taste of Cherry
20.7%
Federico Fellini Nights of Cabiria
20.5%
Robert Flaherty Nanook of the North
20.2%
Douglas Sirk All That Heaven Allows
19.9%
Hiroshi InagakiSamurai II: Duel at Ichijoji Temple
18.2%
Hiroshi InagakiSamurai I: Musashi Miyamoto
18.2%
Hiroshi InagakiSamurai III: Duel at Ganryu Island
18.1%
Preston SturgesThe Lady Eve
17.9%
Samuel Fuller The Naked Kiss
17.8%
Ingmar BergmanAutumn Sonata
17.7%
Paul MorrisseyFlesh for Frankenstein
17.2%
Luis Buñuel The Discreet Charm of the Bourgeoisie
17.2%
Philip KaufmanThe Unbearable Lightness of Being
17%
Seijun Suzuki Tokyo Drifter
16.9%
David LeanSummertime
16.8%
Paul MorrisseyBlood for Dracula
16.8%
Neil Jordan Mona Lisa
16.8%
Roger VadimAnd God Created Woman
16.6%
Director Title % Correct
Douglas Sirk Written on the Wind
15.7%
John LurieFishing with John
15.5%
Marcel CamusBlack Orpheus
15.3%
Roy Ward Baker A Night to Remember
15.2%
Erik Skjoldbjærg Insomnia
15%
Seijun Suzuki Branded to Kill
14.5%
David MayslesGimme Shelter
14.4%
Peter Brook Lord of the Flies
12.9%
Lars von Trier The Element of Crime
12.7%
Herk HarveyCarnival of Souls
12.4%
Liliana CavaniThe Night Porter
12.2%
Yasujiro OzuGood Morning
12.2%
Ingmar Bergman The Magic Flute
12.2%
Federico Fellini And the Ship Sails On
11.3%
Jean Cocteau The Orphic Trilogy
11.1%
René Clair Le million
10.4%
Sergei Eisenstein Eisenstein: The Sound Years
10.4%
Ernest B. SchoedsackThe Most Dangerous Game
10.3%
Masaki Kobayashi Kwaidan
10%
Al Reinert For All Mankind
9.9%
John MackenzieThe Long Good Friday
9.9%
Michael PowellI Know Where I’m Going!
9.7%
VariousBeastie Boys Video Anthology
9.5%
Irvin S. Yeaworth The Blob
9.4%
Anthony AsquithPygmalion
8.4%
Edward Cline The Bank Dick
7.9%
Perry HenzellThe Harder They Come
7.4%
Federico FelliniVariety Lights
7.3%
Masahiro Shinoda Double Suicide
6.3%
Arthur Crabtree Fiend Without a Face
6%
Monte BriceW. C. Fields—Six Short Films
5.4%
Bertrand Tavernier Coup de torchon
5.3%

From the Vault

Find the 'E' Countries

by teedslaststand

Geography 90s
Finding them might not be so 'E'asy.
Remove Ads.
Support Sporcle.
Get the best of Sporcle when you Go Orange. This ad-free experience offers more features, more stats, and more fun while also helping to support Sporcle. Thank you for becoming a member.

Show Comments

Extras

Top Quizzes Today


Score Distribution

Your Account Isn't Verified!

In order to create a playlist on Sporcle, you need to verify the email address you used during registration. Go to your Sporcle Settings to finish the process.

Report this User

Report this user for behavior that violates our Community Guidelines.

Details: